|
|
|
|
| LEADER |
00000naa a2200000uu 4500 |
| 001 |
vtls011041229 |
| 003 |
SK-MaSNL |
| 005 |
20260302141808.0 |
| 008 |
210904|2003 xo |||||||||||||||||slo| |
| 015 |
|
|
|a SNBRA
|
| 035 |
|
|
|a (urnnbn)urn:nbn:sk:snk:ar-008ygi
|
| 035 |
|
|
|a (uuid)77085056-df3b-433e-8e63-1a18ecdba0f8
|
| 035 |
|
|
|a urn:nbn:sk:snk-aautwz
|
| 040 |
|
|
|a SNKBUCL
|b slo
|c SNKBUCL
|e AACR2
|
| 041 |
0 |
|
|a slo
|
| 044 |
|
|
|a xo
|c SK
|
| 100 |
1 |
|
|a Melkusová, Helena,
|d 1954-
|4 aut
|9 6029
|
| 245 |
1 |
0 |
|a PREJAVY UNIVERZALITY A PARTIKULARITY V PROCESOCH INTEGRÁCIE EURÓPSKEJ KULTÚRY
|c Helena MELKUSOVÁ
|
| 773 |
0 |
|
|t Medzi modernou a postmodernou
|d Prešov : ManaCon, 2003
|g S. 63-73
|z 8089040225
|
| 958 |
|
|
|a OND
|
| 958 |
|
|
|a article12
|
| 958 |
|
|
|a chapter
|
| 999 |
|
|
|c 1336934
|d 1338864
|